| 000 | 01209nas a2200361 4500 | ||
|---|---|---|---|
| 001 | BR2015006325 | ||
| 003 | BR-BrBNA | ||
| 005 | 20231205125913.0 | ||
| 007 | ta | ||
| 008 | 230509b bl.|||p| |||| 00| 00por d | ||
| 040 |
_aBR-BrBNA _bpor _cBiblioteca Nacional de Agricultura |
||
| 041 | _a(Pt) | ||
| 072 | _aL73 | ||
| 100 | 1 | _aPinto, M.S. | |
| 100 | 1 | _aFaria, J.E. de | |
| 100 | 1 | _aMessage, D. | |
| 100 | 1 | _aCassini, S.T.A. | |
| 100 | 1 | _aPereira, C.S. | |
| 100 | 1 | _aGioso, M.M. | |
| 245 | 1 | _aEfeito de extratos de própolis verde sobre bactérias patogênicas isoladas do leite de vacas com mastite | |
| 246 | 1 | _aEffect of green propolis extracts on patogenic bacteria isolated from milk of cows with mastitis | |
| 650 | _aGADO LEITEIRO | ||
| 650 | _aDOENCA ANIMAL | ||
| 650 | _aMAMITE | ||
| 650 | _aPROPOLIS | ||
| 650 | _aBACTERIA PATOGENICA | ||
| 650 | _aTRATAMENTO | ||
| 650 | _aANALISE | ||
| 773 | 0 |
_tBrazilian Journal of Veterinary Research and Animal Science (Brazil) _xISSN 1413-9596ISSN 1678-4456 _g(2001), v. 38(6) p. 278-283 _wBR2015006325 |
|
| 856 | 4 | 0 | _uhttp://www.scielo.br/pdf/bjvras/v38n6/9662.pdf |
| 909 |
_a202311 _bLúcia _c55 _dLúcia Elande |
||
| 942 |
_2AGRIS _n0 _cANA |
||
| 999 |
_c246803 _d246803 |
||